| 000 | 01021nam a22002537a 4500 | ||
|---|---|---|---|
| 005 | 20260427141202.0 | ||
| 007 | cr |||aaa||||| | ||
| 008 | 260427s2019 mx|d||||o|||| 000 0 spa d | ||
| 020 | _a9786075242590 | ||
| 040 |
_aMX-MxUPN _bspa _eaacr2 |
||
| 041 | 0 | _aspa | |
| 050 | 4 | _aGE90 M6 | |
| 100 | 1 |
_aQuintero Soto, María Luisa _937567 |
|
| 245 | 1 | 0 |
_aImportancia de la salud y la educación ambiental en jóvenes universitarios : _bbases para mejorar la calidad de vida _h[recurso electrónico en línea] |
| 250 | _aPrimera edición | ||
| 260 |
_aMéxico : _bUniversidad Autónoma del Estado de México : _bMiguel Ángel Porrúa, _c2019 |
||
| 300 |
_a1 recurso en línea (71 páginas) : _bgráficas, PDF |
||
| 490 | 0 | _aSerie Las ciencias sociales. Cuarta década | |
| 506 | 0 | _aAcceso abierto | |
| 650 | 4 |
_aEducación ambiental _xEstudio y enseñanza (Superior) _zEstado de México _959400 |
|
| 856 | 4 | 0 | _uhttp://hdl.handle.net/20.500.11799/99289 |
| 902 | _aVíctorGodínez/270426 | ||
| 942 |
_2lcc _cLIBRO-E |
||
| 999 |
_c215005 _d215005 |
||